Subcontracting in commercial and residential construction: an empirical investigation (Record no. 67513)
[ view plain ]
| 000 -LEADER | |
|---|---|
| fixed length control field | 00891cam a2200229 4500 |
| 001 - CONTROL NUMBER | |
| control field | X113332 |
| 008 - FIXED-LENGTH DATA ELEMENTS--GENERAL INFORMATION | |
| fixed length control field | 000000n2001 000 0 eng u |
| 035 ## - SYSTEM CONTROL NUMBER | |
| System control number | (Sirsi) u113332 |
| 100 ## - MAIN ENTRY--PERSONAL NAME | |
| Personal name | Costantino, N. |
| 245 ## - TITLE STATEMENT | |
| Title | Subcontracting in commercial and residential construction: an empirical investigation |
| 260 ## - PUBLICATION, DISTRIBUTION, ETC. | |
| Date of publication, distribution, etc. | 2001 |
| 490 ## - SERIES STATEMENT | |
| Series statement | Construction Management and Economics |
| Volume/sequential designation | 19(4) July 2001, 439-447(9) |
| 520 ## - SUMMARY, ETC. | |
| Summary, etc. | Attempts to apply Williamson's transaction cost theory suggesting that his concept of atmosphere may explain the different features of subcontracting practice found in two studies of housebuilders and contractors. Tables, references. |
| 650 ## - SUBJECT ADDED ENTRY--TOPICAL TERM | |
| Topical term or geographic name entry element | BUILDING CONTRACTORS |
| 650 ## - SUBJECT ADDED ENTRY--TOPICAL TERM | |
| Topical term or geographic name entry element | HOUSE BUILDERS |
| 650 ## - SUBJECT ADDED ENTRY--TOPICAL TERM | |
| Topical term or geographic name entry element | SUBCONTRACTING |
| 650 ## - SUBJECT ADDED ENTRY--TOPICAL TERM | |
| Topical term or geographic name entry element | TRANSACTION COSTS |
| 690 ## - LOCAL SUBJECT ADDED ENTRY--TOPICAL TERM (OCLC, RLIN) | |
| Topical term or geographic name as entry element | Procurement |
| 9 (RLIN) | 6260 |
| 700 ## - ADDED ENTRY--PERSONAL NAME | |
| Personal name | Pietroforte, R. |
| 700 ## - ADDED ENTRY--PERSONAL NAME | |
| Personal name | Hamill, P. |
| 942 ## - ADDED ENTRY ELEMENTS (KOHA) | |
| Suppress in OPAC | 0 |
| Withdrawn status | Lost status | Source of classification or shelving scheme | Damaged status | Not for loan | Home library | Current library | Shelving location | Date acquired | Total Checkouts | Full call number | Barcode | Date last seen | Copy number | Price effective from | Koha item type |
|---|---|---|---|---|---|---|---|---|---|---|---|---|---|---|---|
| Dewey Decimal Classification | London | London | Journal article | 28/06/2001 | X113332 | 113332-1001 | 06/08/2019 | 1 | 06/08/2019 | Journal article |